Normal view
MARC view
- Mansharamani, Vikram
Entry Personal Name
001 - CONTROL NUMBER
- control field: 100696
003 - CONTROL NUMBER IDENTIFIER
- control field: NUST
005 - DATE AND TIME OF LATEST TRANSACTION
- control field: 20221018163123.0
008 - FIXED-LENGTH DATA ELEMENTS
- fixed length control field: 221018|| aca||aabn | a|a d
040 ## - CATALOGING SOURCE
- Original cataloging agency: NUST
- Transcribing agency: NUST
100 ## - HEADING--PERSONAL NAME
- Personal name: Mansharamani, Vikram
670 ## - SOURCE DATA FOUND
- Source citation: Work cat.: (NUST)0: Mansharamani, Vikram, author., Think for yourself :, 2020
